| 000 | 00733cas a2200253 4500 | ||
|---|---|---|---|
| 008 | |||
| 049 | _aMAIN | ||
| 090 | _aTJ163.2 | ||
| 245 | 0 | 0 |
_aEnergy perspectives / _cedited by Milton R. Copulos. |
| 260 |
_aWashington, D. C. : _bThe heritage Foundation, _c[2002?]. |
||
| 300 |
_axii, 414 p. : _bill. _c24 cm. |
||
| 510 | 2 | _aEnergy. | |
| 510 | 2 | _aEnvironment. | |
| 650 | 0 | _aEnergy policy. | |
| 650 | 0 |
_aPower resources _zUnited States |
|
| 700 | _aCopulos, Milton R. | ||
| 710 | 2 | _aBattelle Memorial Institute. | |
| 730 | _aEnergy perspect. | ||
| 907 |
_a.b10175349 _b13-09-05 _c12-09-05 |
||
| 003 | |||
| 005 | 20230123134108.0 | ||
| 040 | _cNUST | ||
| 942 |
_cBOOKS _kTJ163.2 |
||
| 999 |
_c159947 _d159947 |
||